INTRODUCCION A LA ECONOMIA POSITIVA (Registro nro. 33686)
[ vista simple ]
| 000 -LEADER | |
|---|---|
| fixed length control field | 00472nam a2200181 a 4500 |
| 001 - CONTROL NUMBER | |
| control field | 33686 |
| 005 - DATE AND TIME OF LATEST TRANSACTION | |
| control field | 20180714001651.0 |
| 008 - FIXED-LENGTH DATA ELEMENTS--GENERAL INFORMATION | |
| fixed length control field | 140415s1977 000 0 spa d |
| 041 ## - LANGUAGE CODE | |
| Language code of text/sound track or separate title | spa |
| 082 ## - DEWEY DECIMAL CLASSIFICATION NUMBER | |
| Classification number | 330.1 |
| Item number | LIP |
| 100 1# - MAIN ENTRY--PERSONAL NAME | |
| Personal name | LIPSEY, RICHARD G. |
| 245 10 - TITLE STATEMENT | |
| Title | INTRODUCCION A LA ECONOMIA POSITIVA |
| 250 ## - EDITION STATEMENT | |
| Edition statement | 10a ed. |
| 260 ## - PUBLICATION, DISTRIBUTION, ETC. | |
| Place of publication, distribution, etc. | [s.l.] : |
| Name of publisher, distributor, etc. | VINCEN-VIVES, |
| Date of publication, distribution, etc. | 1977 |
| 300 ## - PHYSICAL DESCRIPTION | |
| Extent | 918 |
| 650 14 - SUBJECT ADDED ENTRY--TOPICAL TERM | |
| Topical term or geographic name entry element | ECONOMIA |
| General subdivision | TEORIAS |
| 700 1# - ADDED ENTRY--PERSONAL NAME | |
| Personal name | HORTALA ARAU, J. |
| Relator term | tr. |
| Withdrawn status | Lost status | Source of classification or shelving scheme | Damaged status | Not for loan | Home library | Current library | Shelving location | Date acquired | Source of acquisition | Total Checkouts | Full call number | Barcode | Price effective from | Koha item type | Collection code | Inventory number | Date last seen | Date last checked out |
|---|---|---|---|---|---|---|---|---|---|---|---|---|---|---|---|---|---|---|
| Descarte | Dewey Decimal Classification | Biblioteca Karol Wojtyla | Biblioteca Karol Wojtyla | 03/12/2013 | Compra | 330.1 LIP | 20857 | 12/05/2017 | Libro | |||||||||
| Dewey Decimal Classification | Biblioteca Karol Wojtyla | Biblioteca Karol Wojtyla | Sala general | 03/12/2013 | Compra | 330.1 LIP | 51226 | 03/12/2013 | Libro | General | 151000000000000000054457 | 19/03/2026 | 23/08/2014 |